| 000 | 00537nam a22001937a 4500 | ||
|---|---|---|---|
| 003 | OSt | ||
| 005 | 20140310182401.0 | ||
| 008 | 131001t xxu||||| |||| 00| 0 eng d | ||
| 020 | _a0670817414 | ||
| 050 |
_aPZ 8 _b.Ei37Ir 1996 |
||
| 082 |
_aGS 398.21 _b.E11 1993 |
||
| 245 |
_aIron Hans : _bthe brothers grimm / _cillustrated by Marilee Heye |
||
| 260 |
_aNew York : _bPuffin Books, _c1993. |
||
| 300 |
_a27 p. : _bcol. ill. ; _c30 cm. |
||
| 650 | _aFairy tales | ||
| 650 |
_a Folklore _zGermany |
||
| 942 |
_2lcc _cBK |
||
| 999 |
_c12572 _d12572 |
||